Revista de Direito dos Monitores da Universidade Federal Fluminense

Bibliographic Details
Format: Unknown
Language:Portuguese
Published: Brasil : Universidade Federal Fluminense
Subjects:
Online Access:Acceso restringido

MARC

LEADER 00000ny a22000003n 4500
005 2011051308598.0
008 101119c20089999bl tr pss 0 a0por d
022 |a 1983-6880 
035 |a 5046 
040 |a BUS  |d vLex 
090 |c 1877  |d 1877 
245 3 0 |a Revista de Direito dos Monitores da Universidade Federal Fluminense  |h [Recurso electrn̤ico] 
256 |a Servicio en ln̕ea 
260 |a Brasil :  |b Universidade Federal Fluminense  
310 |a Cuatrimestral 
506 1 |a Contenido solo disponible en los productos indicados  |d vLex Global  |d vLex Global (Academic Edition, excluding Law Schools)  |d vLex Global (U.S. Academic Edition, Law Schools)  |d vLex Global (U.S. Academic Edition, excluding Law Schools)  |d vLex Global (Academic Edition, Law Schools) 
650 0 4 |a Tutores y tutora̕ (Educacin̤)  |x Publicaciones perid̤icas 
650 0 4 |a Universidades  |x Publicaciones perid̤icas 
740 0 |a vLex Revista (Servicios en ln̕ea) 
843 |a Electrn̤ica. Abierta 
853 |8 1  |i (year)  |j (month)  |k (day) 
856 4 |z Acceso restringido  |u http://vlex.com/account/login_ip?fuente_id=5046  
942 |c REV